000
00316nam a2200133 a 4500
005
20140412111303.0
008
110408s19uu xx 00 eng d
020
_a
0-861128141
050
_a
M 411
_b
T249 1992
245
_a
Teddy bears ABC.
260
_a
Spain :
_b
Brimax,
_c
1992.
300
_a
unp.
999
_c
103507
_d
103507